Представление документа в формате MARC21

ПолеНазваниеЗначение
  Тип записи a
  Библиографический уровень m
001 Контрольный номер RU/URAIT/542929
003 Принадлежность контрольного номера https://urait.ru/bcode/542929
005 Дата корректировки 20240827112629.0
008 Кодируемые данные
020 Индекс ISBN __
a ISBN 978-5-534-12699-0
c Цена, тираж 1599.00
040 Источник каталогиз. __
a Служба первич. каталог. ИКО Юрайт
b Код языка каталог. rus
c Служба, преобразующая запись ИКО Юрайт
041 Код языка издания 0_
a Код языка текста rus
044 Код страны публикации __
a Код страны публикации RU
073 _1
a 9785534126990
d 1599.00
080 Индекс УДК __
a Индекс УДК 796.015(075.8)
084 Индекс другой классификации/Индекс ББК __
a Индекс другой классификации/Индекс ББК 75.7я73
2 Источник индекса rubbk
091 Индексы/ коды __
a Индекс ББК (DOS) 75.7я73
z rubbk
100 Автор 1_
a Автор Полиевский С. А.
q Полное имя Сергей Александрович
230 __
a Электрон. дан.
245 Заглавие 00
a Заглавие Профессиональная и военно-прикладная физическая подготовка на основе экстремальных видов спорта
b Продолж. заглавия учебное пособие
c Ответственность С. А. Полиевский, Р. Т. Раевский, Г. А. Ямалетдинова ; под научной редакцией С. А. Полиевского, Г. А. Ямалетдиновой.
250 Сведения об издании __
a Основные сведения об издании 2-е изд.
b Дополнительные сведения об издании испр. и доп
260 Выходные данные 1_
a Место издания Москва
b Издательство Юрайт
c Дата издания 2024
300 Физическое описание __
a Объем 378 с
440 Серия _0
a Серия Высшее образование
500 Примечания __
a Примечание URL: https://urait.ru/bcode/542929 (дата обращения: 27.08.2024).
520 Аннотация __
a Аннотация В учебном пособии дан анализ профессионально-прикладной и военной ценности экстремальных видов спортивной деятельности (ЭВСД), представлены спортограммы видов ЭВСД, профессиограммы основных видов спорта. Особо рассмотрен перенос тренированности с ЭВСД на экстремальные виды профессионального труда, представлена методология использования экстремальных видов спорта при организации профессионально-прикладной физической и специально-физической подготовки. Соответствует актуальным требованиям Федерального государственного образовательного стандарта высшего образования. Учебное пособие носит теоретико-экспериментальный характер и предназначено для студентов и преподавателей спортивных вузов, тренеров по ЭВС, учителей физической культуры.
538 Прим. о системных особенностях __
a Прим. о системных особенностях Режим доступа: Электронно-библиотечная система Юрайт, для авториз. пользователей
653 Ключевые слова 2_
a Ключевые слова Физическая культура
653 Ключевые слова 2_
a Ключевые слова Гуманитарные науки
653 Ключевые слова 2_
a Ключевые слова Общая физическая и профессионально-прикладная подготовка
653 Ключевые слова 2_
a Ключевые слова Общая физическая и профессиональная прикладная подготовка
653 Ключевые слова 2_
a Ключевые слова Методика физической подготовки допризывной молодежи
700 Другие авторы 1_
a Другие авторы Раевский Р. Т.
q Полное имя Рэм Трофимович
700 Другие авторы 1_
a Другие авторы Ямалетдинова Г. А.
q Полное имя Галина Александровна
856 Электронный адрес документа 40
n Местонахождение сервера Юрайт
g Электронная книга
q Тип электронного формата html
h Имя пользователя ЮРАЙТ
v Часы доступа к ресурсу 20251231
2 Способ доступа Показать документ
x Служебное примечание https://urait.ru/book/cover/520FF858-DFF1-470A-A891-2438A39775FD
u URL https://urait.ru/bcode/542929
856 Электронный адрес документа 41
q Тип электронного формата cover
u URL https://urait.ru/book/cover/520FF858-DFF1-470A-A891-2438A39775FD